| 000 | 02281nam a2200205 4500 | ||
|---|---|---|---|
| 999 |
_c61225 _d61225 |
||
| 003 | Ge_BSU | ||
| 005 | 20240109133832.0 | ||
| 008 | 240109s2002 ge ||||| |||| 00| 0 rus d | ||
| 020 | _a9992858583 | ||
| 041 | _arus | ||
| 080 | _a902(479) ს-12 | ||
| 245 |
_aსაერთაშორისო სამეცნიერო კონფერენცია ,, კავკასიის არქეოლოგია (IV) და ეთნოლოგია (III) " = Международная научная конференция ,, Археология (IV) и Этнологя (III) " : მოხსენებათა მოკლე შინაარსების კრებული / _cსაქართველოს მეცნიერებათა აკადემია; კავკასიის ქვეყნებთან სამეცნიერო თანამშრომლობის კომისია. საქართველოს არქეოლოგიური კომისია. საქართველოს ეთნოლოგიური კომისია. არქეოლოგიური კვლევის ცენტრი. მცხეთის არქეოლოგიის ინსტიტუტი. |
||
| 264 |
_aთბილისი : _bნეკერი, _c2002. |
||
| 300 |
_a322 გვ.: _bილ.; _c21 სმ. |
||
| 521 | _aწიგნი არის რუსულ ენაზე | ||
| 653 | _aკავკასიის არქეოლოგია | ||
| 653 | _aეთნოლოგია | ||
| 710 |
_aსაქართველოს მეცნიერებათა აკადემია _d კავკასიის ქვეყნებთან სამეცნიერო თანამშრომლობის კომისია. საქართველოს არქეოლოგიური კომისია. საქართველოს ეთნოლოგიური კომისია. არქეოლოგიური კვლევის ცენტრი. მცხეთის არქეოლოგიის ინსტიტუტი. _920976 |
||
| 942 |
_2udc _cᲬᲘᲒᲜᲘ |
||